000 00580nam a22002177a 4500
003 UA-OsUOA
001 36328
007 ta
008 20060121b un ||||| |||| 00| 0 ukr d
100 _aБурченя В.
090 _a32
942 _cSA
040 _aUA-OsUOA
_bukr
_cUA-OsUOA
_dUA-OsUOA
245 _aМи - єдині, країна - одна, Ми - народний блок Литвина!
300 _aС.6
955 _a0
041 _aukr
080 _a32
773 0 _w36327
_tВільне слово
_dРівне
_d2006
_g6
650 7 _a32 Політика
_2UDC
999 _c322566
_d322566